| 000 | 00687nam a2200217 4500 | ||
|---|---|---|---|
| 001 | 120051 | ||
| 003 | ES-MaACL | ||
| 005 | 20231216062908.0 | ||
| 007 | t| | ||
| 008 | 070214s1971 sp r ||||1| cat d | ||
| 080 | _a796.52(234.1 Montserrat)(026) | ||
| 100 | 1 |
_aPérez de Tudela, César, _d1940- _990808 |
|
| 245 | 1 | 0 |
_aGuía d'escaladas a Montserrat / _cCésar Pérez de Tudela. |
| 260 |
_aBarcelona : _bAbadía de Montserrat, _c1971. |
||
| 300 |
_a150 p., 4 lám. : _bil. ; _c17 cm. |
||
| 650 | 4 |
_aEscalada. _9151312 |
|
| 650 | 4 |
_aMontañismo- _zCataluña. _9170286 |
|
| 710 | 2 |
_aAbadía de Montserrat. _91133 |
|
| 852 |
_aES-MaACL _jC-40835 |
||
| 999 |
_c120051 _d120051 |
||